| 000 | 00946cam a2200253 a 4500 | ||
|---|---|---|---|
| 001 | 121582 | ||
| 005 | 20230410124142.0 | ||
| 008 | 900103s1989 nyua b 001 0 eng | ||
| 010 | _a 87060519 | ||
| 020 | _a0312003072 | ||
| 035 | _9(DLC) 87060519 | ||
| 040 |
_aDLC _cDLC _dDLC |
||
| 050 | 1 | 4 |
_aNX 165 _bP9941989 |
| 082 | 0 | 0 | _a700 |
| 245 | 0 | 0 |
_aPuzzles about art : _ban aesthetics casebook / _cMargaret P. Battin ... [et al.]. |
| 260 |
_aNew York : _bSt. Martin's Press, _c1989. |
||
| 300 |
_axiv, 226 p. : _bill. ; _c23 cm. |
||
| 504 | _aIncludes bibliographies and index. | ||
| 505 | _aArt and artworks -- Beauty, ugliness, and aestheric experience -- Meaning and interpretation -- Creativity and fidelity : performance, replication, and reading -- Art and other values -- Critical judgement. | ||
| 650 | 0 |
_aArts _xPsychological aspects. |
|
| 650 | 0 |
_aArts _xThemes, motives. |
|
| 700 | 1 | _aBattin, M. Pabst. | |
| 942 |
_2lcc _cbk |
||
| 999 |
_c72036 _d72036 |
||